| 000 | 00692nam a22002295i 4500 | ||
|---|---|---|---|
| 999 |
_c57485 _d57485 |
||
| 001 | 20586954 | ||
| 005 | 20221107172207.0 | ||
| 008 | 180717s2019 mou 000 0 eng | ||
| 010 | _a 2018951824 | ||
| 020 | _a9780323596770x | ||
| 080 | _a611(084.4) N-33 | ||
| 100 | 1 |
_aNetter, Frank H. _98646 |
|
| 245 | 1 | 0 |
_aAtlas of human anatomy : _blatin terminology / _cFrank H. Netter, MD. |
| 250 | _a7th edition. | ||
| 264 | 1 |
_aPhiladelphia, MO : _bElsevier, _c2018. |
|
| 300 |
_a535 pages, _b28 cm. |
||
| 653 | _aადამიანის ანატომია | ||
| 653 | _aატლასი | ||
| 653 | _aმედიცინა | ||
| 942 |
_2udc _cBK |
||
| 955 | _apc27 2018-07-17 | ||